000 00935nam a22002537a 4500
005 20170123162318.0
010 _aA-645023
020 _c200.00
035 _aA-645023
037 _bCen Lib/Ret
040 _aDPL
_bUR
082 _a840.92
_bج م ی
245 _aڈاکٹر جمیل ہالجی :
_cمصنف گوہر نوشانوی
_bایک مطالہ /
246 _aDoctor Jameel Halji : rk mutaalaa /
_bedited by Gohar Noshanvi
260 _aدہلی
_bایجوکیشنل پبلشنگ ہاؤس
_c1993
270 _a٣١٠٨، گلی عزیزددیں وکیل کچہ پنڈت لال کان
_bدہلی
_e110006
300 _a447p.
_c21cm(Hb)
650 _aاردو ادب
_9115921
650 _aاردوساوانے عمری
_9115922
650 _aUrdu literature
_9115923
650 _aUrdu biography
_9511
700 _aگوہر نوشانوی
_9115924
942 _2ddc
_cUR
_h840.92
_mج م ی
999 _c106897
_d106897